Statistiques concernant Top 15 des pays avec les décès de Covid-19 - 28 mai

Cliquez ici pour prendre le quiz!

Statistiques générales

  • Ce quiz a été pris 22 fois
  • Le résultat moyen est 17 sur 21

Statistiques - réponses

pays% Correct
Chine
100%
Espagne
100%
Etats-Unis
100%
France
100%
Italie
100%
Allemagne
95%
Royaume-Uni
95%
Belgique
91%
Brésil
91%
Canada
82%
Mexique
82%
Inde
77%
Pays-Bas
77%
Suède
73%
Iran
64%
Irlande
64%
Portugal
64%
Suisse
59%
Turquie
59%
Pérou
55%
Équateur
41%

Distribution des résultats

Percentile par nombre de réponses

% des personnes avec chaque résultat

Votre développement - résultats

Vous n’avez pas pris ce quiz